| 000 | 00666cam a22002413a 4500 | ||
|---|---|---|---|
| 001 | 30135 | ||
| 003 | PGUSA | ||
| 005 | 20140828083642.0 | ||
| 008 | 090929s2009||||xxu|||||s|||||000 1 eng d | ||
| 040 |
_aPGUSA _beng |
||
| 042 | _adc | ||
| 050 | 4 | _aPT | |
| 100 | 1 |
_aMultatuli, _d1820-1887 |
|
| 245 | 1 | 0 |
_aWalter Pieterse : _bA Story of Holland _h[electronic resource] / _cMultatuli |
| 260 |
_bProject Gutenberg, _c2009 |
||
| 506 | _aPublic domain in the USA. | ||
| 516 | _aElectronic text | ||
| 653 | _aNetherlands -- Fiction | ||
| 700 | 1 | _aEvans, Hubert | |
| 830 | 0 |
_aProject Gutenberg _v30135 |
|
| 856 | 4 | 0 | _uhttp://www.gutenberg.org/ebooks/30135 |
| 942 | _cEB | ||
| 999 |
_c259390 _d259390 |
||